| 000 | 00856nam a2200253 a 4500 | ||
|---|---|---|---|
| 005 | 20241012064001.0 | ||
| 008 | 070201s2004 es r 000 0 spa d | ||
| 020 | _a8478273336 | ||
| 035 | _aUPN01000149076 | ||
| 049 | _aCG | ||
| 050 | 4 |
_aPC4123 _bJ3.2 |
|
| 100 | 1 | _aJacquet, Jacqueline | |
| 245 | 1 | 0 |
_a40 juegos para practicar la lengua española / _cJacqueline Jacquet, Silvia Casulleras. |
| 260 |
_aBarcelona, Esp. : _bGraó, _c2004. |
||
| 300 |
_a95 p. : _bil. |
||
| 440 | 0 |
_aDidáctica de la lengua y de la literatura. _pJuegos ; _v197 |
|
| 650 | 4 |
_aEspañol _xEstudio y enseñanza _xEstudiantes extranjeros _97729 |
|
| 650 | 4 |
_aESPAÑOL - _vTEXTOS DE CONVERSACION _97726 |
|
| 650 | 4 |
_aESPAÑOL - _xPALABRAS Y FRASES _91410 |
|
| 650 | 4 |
_aJuegos educativos _93952 |
|
| 700 | 1 |
_aCasulleras, Silvia, _ecoaut. |
|
| 905 | _aLibro | ||
| 999 |
_c121217 _d121217 |
||